| 000 | 00620nam a2200217 u 4500 | ||
|---|---|---|---|
| 005 | 20240228064155.0 | ||
| 008 | 141028s2007 r 000 0 eng d | ||
| 020 | _a970971886X (10 dígitos) | ||
| 020 | _a9789709718867 (13 dígitos) | ||
| 035 | _aUPN01000200548 | ||
| 049 | _aI | ||
| 050 | 4 |
_aPZ78 _bC6.8 |
|
| 100 | 1 |
_aCottin, Menena _932663 |
|
| 245 | 1 | 0 |
_aEquilibrio / _cMenena Cottin. |
| 260 |
_aMéxico : _bTecolote, _c2007. |
||
| 300 |
_a[24] p. : _bil. col. |
||
| 650 | 4 |
_aLibros y lectura para niños _92290 |
|
| 650 | 7 |
_aLibros ilustrados para niños _2 _921365 |
|
| 905 | _aInfantil | ||
| 999 |
_c172649 _d172649 |
||